[Event "World Junior Championship (Girls)"]
[Site "Yerevan ARM"]
[Date "2006.10.11"]
[EventDate "2006.10.03"]
[Round "8"]
[Result "1-0"]
[White "Elena Tairova"]
[Black "Zehra Topel"]
[WhiteElo "2415"]
[BlackElo "2256"]
[PlyCount "137"]

1. e4 c5 2. Nf3 Nc6 3. Bb5 e6 4. O-O Nge7 5. c3 a6 6. Ba4 b5
7. Bc2 Bb7 8. Qe2 d5 9. e5 d4 10. Be4 Nd5 11. d3 dxc3 12. bxc3
Be7 13. c4 Qd7 14. Bb2 Nb6 15. Nbd2 Na4 16. Rab1 Nxb2 17. Rxb2
b4 18. Nb3 O-O 19. Qe3 Nd4 20. Bxb7 Qxb7 21. Nbxd4 cxd4
22. Qxd4 a5 23. Qe3 Rfc8 24. Nd2 Qd7 25. d4 Rd8 26. Nf3 Rac8
27. Rc1 f6 28. Rd2 a4 29. h3 Qc6 30. Rb2 b3 31. c5 fxe5
32. Nxe5 Qd5 33. axb3 Qxd4 34. Qxd4 Rxd4 35. bxa4 Rd5 36. Nf3
Rdxc5 37. Re1 Bf6 38. Ra2 Kf7 39. g4 h6 40. Kg2 R8c7 41. Re4
Rc2 42. Re2 R2c5 43. Ra3 Ra5 44. Re4 Rc2 45. Rb3 Rc7 46. Rbb4
Be7 47. Rf4+ Bf6 48. Kg3 Ke7 49. Rfe4 Kf7 50. Rbc4 Rxc4
51. Rxc4 e5 52. Nd2 Rd5 53. Ne4 Rd3+ 54. Kg2 Ra3 55. Nc3 Ke6
56. Kf1 Bd8 57. Kg2 Ba5 58. Ne4 Kd5 59. Rc5+ Kxe4 60. Rxa5 Kf4
61. Ra8 Kg5 62. a5 e4 63. a6 Ra2 64. Re8 Rxa6 65. Rxe4 Ra5
66. Re6 h5 67. Kg3 hxg4 68. hxg4 Ra4 69. f4+ 1-0

[Event "World Junior Championship (Girls)"]
[Site "Yerevan ARM"]
[Date "2006.10.12"]
[EventDate "2006.10.03"]
[Round "9"]
[Result "1/2-1/2"]
[White "Tatev Abrahamyan"]
[Black "Elena Tairova"]
[WhiteElo "2292"]
[BlackElo "2415"]
[PlyCount "158"]

1. e4 e6 2. d4 d5 3. e5 c5 4. c3 Qb6 5. Nf3 Bd7 6. Be2 cxd4
7. cxd4 Bb5 8. Nc3 Bxe2 9. Nxe2 Ne7 10. O-O Nec6 11. Nf4 Be7
12. Rb1 a5 13. Be3 Nd7 14. Nd2 g6 15. Qg4 Qa6 16. h4 h5
17. Qg3 Nf8 18. Nf3 Bd8 19. Rfd1 Ne7 20. Nd3 Nf5 21. Qh3 Nd7
22. Bg5 Bxg5 23. hxg5 Ke7 24. b4 a4 25. Nc5 Qb5 26. Nh4 Nxh4
27. Qxh4 Nf8 28. Qf4 Nh7 29. Rd3 Rhf8 30. Rf3 Rac8 31. g4 hxg4
32. Qxg4 Rc7 33. Kg2 b6 34. Nd3 Rc3 35. Qg3 Rg8 36. Rh1 Rg7
37. Rh3 Qc4 38. Qf4 Qxa2 39. Nc1 Rxf3 40. Qf6+ Nxf6 41. gxf6+
Rxf6 42. exf6+ Kxf6 43. Nxa2 Rg8 44. Rf3+ Ke7 45. b5 Ra8
46. Nb4 Kd6 47. Rxf7 a3 48. Na2 Ra5 49. Rf3 Ra4 50. Rc3 Rxd4
51. Rc6+ Kd7 52. Rxb6 Rd2 53. Nb4 a2 54. Ra6 Rb2 55. Nd3 Rxb5
56. Ne5+ Ke7 57. Nxg6+ Kf6 58. Nf4 Kf5 59. Nd3 Ke4 60. Nc1 Rc5
61. Nxa2 e5 62. Ra3 Kd4 63. Nb4 e4 64. Na6 Rc2 65. Kg3 Rc6
66. Ra4+ Ke5 67. Kg2 d4 68. Ra5+ Kf4 69. Nb4 Rg6+ 70. Kf1 Rg7
71. Nd5+ Ke5 72. Ne3+ Ke6 73. Ra6+ Ke5 74. Ra5+ Ke6 75. Nc2
Rd7 76. Ke1 Kf6 77. Kd1 Rb7 78. Rd5 Rb1+ 79. Kd2 e3+ 1/2-1/2

[Event "World Junior Championship (Girls)"]
[Site "Yerevan ARM"]
[Date "2006.10.13"]
[EventDate "2006.10.03"]
[Round "10"]
[Result "1/2-1/2"]
[White "Anna Rudolf"]
[Black "Elena Tairova"]
[WhiteElo "2265"]
[BlackElo "2415"]
[PlyCount "141"]

1. e4 e6 2. d4 d5 3. Nd2 c5 4. exd5 exd5 5. Ngf3 Nf6 6. Bb5+
Bd7 7. Bxd7+ Nbxd7 8. O-O Be7 9. dxc5 Nxc5 10. Nb3 Nce4
11. Nfd4 Qd7 12. f3 Nd6 13. Nc5 Qc8 14. Nd3 O-O 15. Be3 Re8
16. Bf2 Bd8 17. a4 a6 18. b3 Ba5 19. Nf4 Nf5 20. Qd3 Re5
21. Rad1 Qd7 22. Nxf5 Rxf5 23. Ne2 Bc7 24. Bg3 Bxg3 25. Nxg3
Re5 26. Rfe1 Rae8 27. Rxe5 Rxe5 28. Ne2 Qe7 29. Kf2 g6 30. Rd2
h5 31. Nd4 Nd7 32. g3 Nc5 33. Qc3 h4 34. Re2 hxg3+ 35. hxg3
Qc7 36. Qb2 Rxe2+ 37. Nxe2 Ne6 38. c3 Qc5+ 39. Nd4 Ng7 40. Kg2
Nh5 41. Qd2 Qc7 42. Ne2 Qe5 43. Kf2 Nf6 44. Qf4 Qe7 45. Qd4
Qd6 46. Nf4 g5 47. Nd3 g4 48. Nf4 gxf3 49. Kxf3 Qc6 50. Ke3
Kf8 51. Kd3 Ke7 52. Qe5+ Kd8 53. Kd4 Qb6+ 54. Kd3 Qc6 55. a5
Kc8 56. Kd4 b6 57. axb6 Qxb6+ 58. Kd3 Qb5+ 59. Kd4 Qb6+
60. Kd3 Qb5+ 61. Kc2 Qc6 62. Kb2 a5 63. Qf5+ Kb7 64. g4 a4
65. g5 a3+ 66. Kxa3 Qc5+ 67. Kb2 Qf2+ 68. Ka3 Qc5+ 69. Kb2
Qf2+ 70. Ka3 Qc5+ 71. Kb2 1/2-1/2

[Event "World Junior Championship (Girls)"]
[Site "Yerevan ARM"]
[Date "2006.10.14"]
[EventDate "2006.10.03"]
[Round "11"]
[Result "0-1"]
[White "Elena Tairova"]
[Black "Dronavalli Harika"]
[WhiteElo "2415"]
[BlackElo "2353"]
[PlyCount "96"]

1. e4 c5 2. Nf3 Nc6 3. Bb5 g6 4. O-O Bg7 5. Re1 e5 6. Bxc6
dxc6 7. d3 Qe7 8. a3 a5 9. Nbd2 Nf6 10. Nc4 Nd7 11. Bd2 b6
12. b4 cxb4 13. axb4 a4 14. c3 O-O 15. Ne3 b5 16. c4 Bb7
17. Qc2 Rfd8 18. c5 Nf8 19. Bc3 Ne6 20. Nf1 Rd7 21. Ng3 Rad8
22. Red1 Nf4 23. Ne1 Bc8 24. Ne2 Nxe2+ 25. Qxe2 Ra7 26. Qb2
Be6 27. Nf3 Bg4 28. Bxe5 Bxf3 29. Bxg7 Qg5 30. g3 f5 31. Qf6
Qxf6 32. Bxf6 Rf8 33. Bc3 Bxd1 34. Rxd1 a3 35. e5 Kf7 36. Kf1
a2 37. Ke2 Rfa8 38. Ra1 g5 39. Kd2 Ke6 40. Kc2 f4 41. Kb3 Ra3+
42. Kc2 Rxc3+ 43. Kxc3 Kxe5 44. h3 h6 45. g4 Kd5 46. Kd2 Kd4
47. Kc2 f3 48. Kd2 Re8 0-1

[Event "World Junior Championship (Girls)"]
[Site "Yerevan ARM"]
[Date "2006.10.15"]
[EventDate "2006.10.03"]
[Round "12"]
[Result "1-0"]
[White "Elena Tairova"]
[Black "Liana Aghabekian"]
[WhiteElo "2415"]
[BlackElo "2179"]
[PlyCount "89"]

1. c4 g6 2. Nc3 Bg7 3. d4 d6 4. e4 Nc6 5. d5 Ne5 6. f4 Nd7
7. Bd3 Ngf6 8. Nf3 O-O 9. O-O Nc5 10. Bc2 c6 11. e5 dxe5
12. fxe5 Ng4 13. Qd4 Qb6 14. h3 Nh6 15. Be3 Bf5 16. Qd2 Bxc2
17. Qxc2 Nf5 18. Bf2 Qa5 19. Rad1 Rad8 20. Rfe1 Na6 21. a3 Nc7
22. b4 Qa6 23. Qb3 cxd5 24. cxd5 Nb5 25. Nxb5 Qxb5 26. a4 Qa6
27. b5 Qa5 28. g4 Nh6 29. d6 exd6 30. exd6 Rc8 31. Rd3 a6
32. d7 Rcd8 33. bxa6 Qxa6 34. Bb6 Qa8 35. Qb5 Qb8 36. Kg2 f5
37. g5 Nf7 38. Bxd8 Nxd8 39. Re8 Qc7 40. Qd5+ Kh8 41. Qd6 Qxd6
42. Rxd6 Kg8 43. Rd2 Kf7 44. Rde2 Nc6 45. R2e6 1-0

[Event "World Junior Championship (Girls)"]
[Site "Yerevan ARM"]
[Date "2006.10.16"]
[EventDate "2006.10.03"]
[Round "13"]
[Result "0-1"]
[White "Maka Purtseladze"]
[Black "Elena Tairova"]
[WhiteElo "2329"]
[BlackElo "2415"]
[PlyCount "214"]

1. d4 d5 2. c4 c6 3. Nf3 Nf6 4. e3 e6 5. Bd3 Nbd7 6. Nbd2 c5
7. O-O Be7 8. b3 O-O 9. Bb2 b6 10. Ne5 Bb7 11. Qe2 Ne4
12. Rfd1 Nxd2 13. Rxd2 cxd4 14. exd4 Nf6 15. Rc1 Rc8 16. Rdc2
dxc4 17. bxc4 Ba8 18. f4 Rc7 19. f5 exf5 20. Bxf5 Bb7 21. Rd1
Re8 22. Rcc1 Bf8 23. Qf2 Ne4 24. Qf4 Nd6 25. Bd3 f6 26. Nf3
Nf7 27. Re1 Rxe1+ 28. Rxe1 Bd6 29. Qh4 h6 30. Qh5 Re7 31. Rxe7
Qxe7 32. Bc1 Be4 33. Bxe4 Qxe4 34. Qb5 Qe2 35. Bd2 Qe7 36. Qd5
g5 37. Kf2 Kg7 38. Be3 Qd7 39. Kf1 Qa4 40. Qb5 Qd1+ 41. Kf2
Qc2+ 42. Kf1 Qxa2 43. c5 Qd5 44. h3 h5 45. Qb4 Bg3 46. cxb6
axb6 47. Qxb6 Qc4+ 48. Kg1 Qd3 49. Bf2 Bxf2+ 50. Kxf2 g4
51. hxg4 hxg4 52. Ng1 g3+ 53. Ke1 Qc3+ 54. Ke2 Qc2+ 55. Kf3
Qf2+ 56. Kg4 Qxg1 57. Kxg3 Qe3+ 58. Kh2 Nh6 59. Qc7+ Kg6
60. Qd7 Nf5 61. d5 Qg3+ 62. Kg1 Qe1+ 63. Kh2 Qh4+ 64. Kg1 Qd4+
65. Kh2 Qf4+ 66. Kg1 Qe3+ 67. Kh2 Qe5+ 68. Kg1 Ne3 69. d6 Nf5
70. Qa4 Qe3+ 71. Kh2 Qg3+ 72. Kg1 Qe1+ 73. Kh2 Qe5+ 74. Kh1
Nxd6 75. Qg4+ Qg5 76. Qd7 Qh4+ 77. Kg1 Qe1+ 78. Kh2 Qe5+
79. Kg1 Nf5 80. Qc8 Qe1+ 81. Kh2 Qh4+ 82. Kg1 Qd4+ 83. Kh2
Qd6+ 84. Kg1 Qd4+ 85. Kh2 Qh4+ 86. Kg1 Qe1+ 87. Kh2 Qe7
88. Qg8+ Qg7 89. Qe8+ Qf7 90. Qc6 Qe7 91. Qc8 Qe5+ 92. Kg1 Nh6
93. Qd7 Qe3+ 94. Kh2 Kh5 95. g3 Qe2+ 96. Kg1 Qe1+ 97. Kg2 Qe4+
98. Kg1 Qb1+ 99. Kg2 Qc2+ 100. Kh3 Qf5+ 101. Qxf5+ Nxf5
102. g4+ Kg5 103. gxf5 Kxf5 104. Kg3 Ke4 105. Kf2 Kf4 106. Kg2
Ke3 107. Kf1 f5 0-1

[Event "Women's World Team Championship"]
[Site "Ekaterinburg RUS"]
[Date "2007.05.21"]
[EventDate "?"]
[Round "2"]
[Result "0-1"]
[White "Elena Tairova"]
[Black "Huang Qian"]
[WhiteElo "2414"]
[BlackElo "2400"]
[PlyCount "138"]

1. e4 c5 2. Nf3 d6 3. d4 cxd4 4. Nxd4 Nf6 5. Nc3 a6 6. Bg5 e6
7. f4 Nbd7 8. Qf3 Qc7 9. O-O-O Be7 10. Bd3 h6 11. Qh3 Rg8
12. Bh4 g5 13. fxg5 hxg5 14. Be1 Ne5 15. Kb1 Bd7 16. Qe3 Qc5
17. h3 Nc6 18. Be2 Nxd4 19. Qxd4 Qxd4 20. Rxd4 Bc6 21. Bf3 Nd7
22. Rf1 Rh8 23. Nd5 exd5 24. exd5 Ne5 25. dxc6 bxc6 26. Be2
Kd7 27. Ra4 Rhf8 28. Rxa6 Rxa6 29. Bxa6 f5 30. Be2 Ke6 31. a4
c5 32. Bb5 d5 33. Bf2 Rb8 34. Re1 Bd6 35. c3 f4 36. Kc2 Kf5
37. Rd1 Ke6 38. Be2 Ra8 39. Ra1 Ra5 40. Bb5 g4 41. hxg4 Nxg4
42. Re1+ Ne5 43. Rh1 Ng4 44. Bg1 Ra8 45. Rh4 Rg8 46. a5 Nf6
47. Bf1 f3 48. g4 Ne4 49. Be3 f2 50. Bg2 Rf8 51. Rh6+ Ke7
52. Rh7+ Ke6 53. Rh6+ Kd7 54. Bf1 Kc6 55. a6 Ng3 56. Bg2 f1=Q
57. Bxf1 Nxf1 58. Bg1 Ra8 59. b4 cxb4 60. a7 bxc3 61. Kxc3 Ng3
62. Be3 Ne4+ 63. Kc2 Kb5 64. Rh5 Kc4 65. Bb6 d4 66. Rh3 Nf2
67. Rh6 Bf4 68. g5 d3+ 69. Kb2 d2 0-1

[Event "Women's World Team Championship"]
[Site "Ekaterinburg RUS"]
[Date "2007.05.22"]
[EventDate "2007.05.20"]
[Round "3"]
[Result "0-1"]
[White "Thi Thanh An Nguyen"]
[Black "Elena Tairova"]
[WhiteElo "2284"]
[BlackElo "2414"]
[PlyCount "84"]

1. d4 d5 2. c4 c6 3. Nf3 Nf6 4. Nc3 dxc4 5. e3 b5 6. a4 b4
7. Na2 e6 8. Bxc4 Be7 9. O-O O-O 10. Bd2 a5 11. Nc1 c5
12. dxc5 Bxc5 13. Nb3 Bd6 14. Qe2 Bb7 15. Rfd1 Nbd7 16. Bb5
Bd5 17. Nbd4 Rc8 18. Be1 Qe7 19. Nd2 Nc5 20. f3 Be5 21. Rac1
Qa7 22. Bf2 Qb8 23. e4 Bxh2+ 24. Kh1 Bb7 25. Nc6 Bxc6 26. Rxc5
Bb7 27. e5 Rxc5 28. Bxc5 Bxe5 29. Bxf8 Kxf8 30. Nc4 Bc7
31. Qe3 Nd5 32. Qd3 Kg8 33. Ne3 Bb6 34. Nxd5 Bxd5 35. Rc1 g6
36. f4 Qxf4 37. Rc8+ Kg7 38. Qh3 Qd2 39. Qg3 Qd1+ 40. Kh2 Bg1+
41. Kh3 Qh5+ 42. Qh4 Bxg2+ 0-1

[Event "Women's World Team Championship"]
[Site "Ekaterinburg RUS"]
[Date "2007.05.23"]
[EventDate "2007.05.20"]
[Round "4"]
[Result "0-1"]
[White "Karina Szczepkowska-Horowska"]
[Black "Elena Tairova"]
[WhiteElo "2324"]
[BlackElo "2414"]
[PlyCount "70"]

1. e4 c5 2. Nf3 d6 3. d4 cxd4 4. Nxd4 Nf6 5. f3 Nc6 6. c4 Qb6
7. Nc2 e6 8. Nc3 Be7 9. Rb1 O-O 10. Be3 Qc7 11. Qd2 Rd8
12. Be2 a6 13. Rc1 d5 14. cxd5 exd5 15. exd5 Be6 16. Bf4 Qa5
17. Ne3 Bxd5 18. Qc2 Bb4 19. O-O Nd4 20. Qd1 Bxa2 21. Qe1 Nh5
22. Bg3 Nxg3 23. hxg3 Re8 24. Bd3 Nb3 25. Be4 Nxc1 26. Qxc1
Be6 27. Ned5 Bc5+ 28. Kh1 Bd7 29. Nf6+ gxf6 30. Qh6 Rxe4
31. fxe4 Bf8 32. Qh2 Re8 33. Rxf6 Re5 34. g4 Bxg4 35. Qg3 Qa1+
0-1

[Event "Women's World Team Championship"]
[Site "Ekaterinburg RUS"]
[Date "2007.05.24"]
[EventDate "2007.05.20"]
[Round "5"]
[Result "1-0"]
[White "Elena Tairova"]
[Black "Sopiko Khukhashvili"]
[WhiteElo "2414"]
[BlackElo "2334"]
[PlyCount "91"]

1. e4 d6 2. f4 Nf6 3. Nc3 d5 4. e5 d4 5. Nce2 Nd5 6. Nxd4 Nxf4
7. Ngf3 Bg4 8. Nb3 Ng6 9. d4 e6 10. Bd3 Be7 11. O-O O-O 12. h3
Bxf3 13. Qxf3 c5 14. Qxb7 Nd7 15. Bxg6 hxg6 16. Be3 c4 17. Nd2
Rb8 18. Qe4 Qc7 19. Rab1 c3 20. bxc3 Qxc3 21. Rb3 Qa5 22. Nf3
Qxa2 23. Bg5 Rxb3 24. cxb3 Ba3 25. Qb7 Nb6 26. Qxa7 Qxb3
27. Qb7 Qb5 28. Bd2 Bb2 29. Qe4 Nc4 30. Bg5 Qd5 31. Qg4 Ra8
32. Kh2 Ra3 33. Qf4 Qb7 34. Qh4 Ra2 35. Rf2 Ra8 36. Bf4 Bxd4
37. Nxd4 Qe4 38. Nf3 g5 39. Nxg5 Qb1 40. Qh5 Ra7 41. Bg3 Ne3
42. Rxf7 Nf1+ 43. Rxf1 Qxf1 44. Qe8+ Qf8 45. Qxe6+ Kh8 46. Qg6
1-0

[Event "Women's World Team Championship"]
[Site "Ekaterinburg RUS"]
[Date "2007.05.27"]
[EventDate "2007.05.20"]
[Round "7"]
[Result "1/2-1/2"]
[White "Elena Tairova"]
[Black "Liana Aghabekian"]
[WhiteElo "2414"]
[BlackElo "2213"]
[PlyCount "138"]

1. e4 e5 2. Nf3 Nc6 3. Bb5 Nf6 4. O-O Nxe4 5. d4 a6 6. Ba4 b5
7. Bb3 d5 8. dxe5 Be6 9. Nbd2 Nc5 10. c3 Be7 11. Bc2 d4
12. Nb3 d3 13. Nxc5 dxc2 14. Qxd8+ Rxd8 15. Nxe6 fxe6 16. Be3
Rd5 17. c4 bxc4 18. Rac1 Nxe5 19. Nxe5 Rxe5 20. Rxc2 Re4
21. Rfc1 Kd7 22. Rxc4 Rxc4 23. Rxc4 Rb8 24. b3 Rb4 25. Rc1 Bf6
26. Kf1 Bd4 27. Rd1 e5 28. Ke2 Kd6 29. Bxd4 exd4 30. Kd3 c5
31. Re1 a5 32. Re8 a4 33. Kc2 axb3+ 34. axb3 Rb7 35. Rh8 Rf7
36. f3 h6 37. Rd8+ Rd7 38. Rb8 Ra7 39. Rb6+ Kd5 40. Rg6 Ra2+
41. Kb1 Ra7 42. Kc2 Rb7 43. h4 Ra7 44. Kd3 Ra3 45. Kc2 Ra7
46. h5 Rb7 47. Ra6 Re7 48. Kd2 Re3 49. Rb6 Re5 50. Rb7 Rg5
51. g4 g6 52. Rd7+ Ke5 53. Re7+ Kd5 54. hxg6 Rxg6 55. Rf7 Rg5
56. Rh7 Rg6 57. Rf7 Rg5 58. Rd7+ Kc6 59. Rh7 Rg6 60. Kd3 Kd5
61. Rf7 Rg5 62. Rd7+ Kc6 63. Rh7 Rg6 64. Kc4 Rd6 65. Kd3 Rf6
66. Kc4 Rd6 67. Kd3 Rf6 68. Kc4 Rd6 69. Kd3 Rf6 1/2-1/2

[Event "Russia - China Match"]
[Site "Moscow RUS"]
[Date "2007.08.20"]
[EventDate "2007.08.20"]
[Round "1"]
[Result "1/2-1/2"]
[White "Elena Tairova"]
[Black "Ruan Lufei"]
[WhiteElo "2410"]
[BlackElo "2433"]
[PlyCount "81"]

1. e4 e5 2. Nf3 Nc6 3. Bb5 Nf6 4. O-O Nxe4 5. d4 Nd6 6. Bxc6
dxc6 7. dxe5 Nf5 8. Qxd8+ Kxd8 9. Nc3 Ne7 10. h3 Ng6 11. Bg5+
Ke8 12. Rad1 Bd7 13. Ne4 h6 14. Bc1 c5 15. Nc3 Be7 16. Rfe1
Be6 17. b3 a6 18. Nd5 Bxd5 19. Rxd5 Nf8 20. Nd2 Ne6 21. Ne4
Rd8 22. c4 c6 23. Rdd1 g5 24. Bb2 Rg8 25. Bc3 b6 26. g4 Rg6
27. Kg2 Nf4+ 28. Kf3 Rxd1 29. Rxd1 Re6 30. h4 Ng6 31. hxg5
hxg5 32. Nf6+ Bxf6 33. exf6 b5 34. Kg3 Nf4 35. Bd2 Rxf6
36. Be3 Ne2+ 37. Kg2 Nf4+ 38. Kg3 Ne2+ 39. Kg2 Nf4+ 40. Kg3
Ne2+ 41. Kg2 1/2-1/2

[Event "Russia - China Match"]
[Site "Moscow RUS"]
[Date "2007.08.21"]
[EventDate "2007.08.20"]
[Round "2"]
[Result "0-1"]
[White "Elena Tairova"]
[Black "Wang Yu"]
[WhiteElo "2410"]
[BlackElo "2384"]
[PlyCount "170"]

1. e4 e5 2. Nf3 Nc6 3. Bb5 a6 4. Ba4 Nf6 5. O-O Be7 6. Re1 b5
7. Bb3 d6 8. c3 O-O 9. h3 Na5 10. Bc2 c5 11. d4 cxd4 12. cxd4
Qc7 13. Nbd2 Bd7 14. Nf1 Rfc8 15. Bd3 Nc6 16. Be3 exd4
17. Nxd4 Ne5 18. Rc1 Qa5 19. Rxc8+ Rxc8 20. Bb1 Nc4 21. Bc1
Qb4 22. Nc2 Qc5 23. b3 Ne5 24. Ba3 Qc7 25. Nd4 Bf8 26. Ne3 Qb6
27. Bb2 Re8 28. Qc2 Qc5 29. Qd2 Ng6 30. Rc1 Qh5 31. Ndf5 Qg5
32. Nxd6 Nh4 33. Kf1 Bxh3 34. gxh3 Nf3 35. Qd1 Nh2+ 36. Ke1
Rd8 37. e5 Nh5 38. Rc6 Qg1+ 39. Kd2 Qxf2+ 40. Qe2 Nf3+ 41. Kd1
Qg1+ 42. Kc2 Qg6+ 43. Kc1 Qg1+ 44. Kc2 Qg6+ 45. Kc1 Qg1+
46. Nd1 Qg5+ 47. Qe3 Nf4 48. Be4 Ne2+ 49. Kb1 Nd2+ 50. Kc2
Nxe4 51. Qxe4 Nf4 52. Ne3 Nxh3 53. Qf3 Bxd6 54. exd6 Nf4
55. d7 h5 56. Qe4 Ne6 57. Rc8 h4 58. Be5 h3 59. Kb2 Nf8
60. Rxd8 Qxd8 61. Qg4 f6 62. Bc3 Qxd7 63. Nf5 h2 64. Nh6+ Kh7
65. Qh4 gxh6 66. Qxh2 Qe6 67. Qf4 Nd7 68. Ka3 Qe7+ 69. Kb2 Qe6
70. Ka3 Nb6 71. Qxf6 Qxf6 72. Bxf6 Nd5 73. Be5 Kg6 74. Kb2 Kf5
75. Bh2 Ke4 76. a3 Kd3 77. Bg3 h5 78. Bh4 Ne3 79. Bg3 Nf5
80. Bh2 h4 81. b4 Kc4 82. Bf4 h3 83. Kc2 Nd4+ 84. Kd1 Nf3
85. Ke2 h2 0-1

[Event "Russia - China Match"]
[Site "Moscow RUS"]
[Date "2007.08.22"]
[EventDate "2007.08.20"]
[Round "3"]
[Result "0-1"]
[White "Huang Qian"]
[Black "Elena Tairova"]
[WhiteElo "2410"]
[BlackElo "2410"]
[PlyCount "58"]

1. d4 d5 2. Nf3 Nf6 3. c4 c6 4. Nc3 e6 5. Bg5 h6 6. Bxf6 Qxf6
7. cxd5 exd5 8. e3 Bd6 9. Bd3 Bg4 10. Qb3 Bxf3 11. Qxb7 Bxg2
12. Rg1 Bf3 13. Qxa8 O-O 14. Qxa7 c5 15. Kd2 Nc6 16. Qd7 Bxh2
17. Bb5 Nxd4 18. Rge1 Nxb5 19. Qxb5 Rb8 20. Qxc5 Bd6 21. Qd4
Be5 22. Nxd5 Bxd5 23. Qxd5 Rxb2+ 24. Kd3 Qa6+ 25. Ke4 Rb4+
26. Kf3 Bxa1 27. Qd8+ Kh7 28. Rxa1 Qc6+ 29. Ke2 Rb2+ 0-1

[Event "Russia - China Match"]
[Site "Nizhniy Novgorog RUS"]
[Date "2007.08.24"]
[EventDate "2007.08.20"]
[Round "5"]
[Result "0-1"]
[White "Elena Tairova"]
[Black "Zhao Xue"]
[WhiteElo "2410"]
[BlackElo "2500"]
[PlyCount "98"]

1. e4 e5 2. Nf3 Nc6 3. Bb5 a6 4. Ba4 Nf6 5. O-O Be7 6. Re1 b5
7. Bb3 d6 8. c3 O-O 9. h3 Bb7 10. d4 Re8 11. Ng5 Rf8 12. Nf3
Re8 13. Nbd2 Bf8 14. a4 Na5 15. Bc2 b4 16. Bd3 Qd7 17. d5 bxc3
18. bxc3 c6 19. c4 Reb8 20. Nf1 Qd8 21. Bg5 Be7 22. Be3 Nd7
23. Ra3 Bc8 24. Qe2 Qc7 25. Ng3 Nc5 26. Bc2 Rb2 27. Bc1 Rb7
28. Bd2 Rab8 29. Bc3 Ncb3 30. Bd3 g6 31. dxc6 Qxc6 32. Nf1 Qc5
33. Ra2 Nd4 34. Qe3 Nac6 35. N3d2 Be6 36. Kh1 Nb4 37. Rb2 Nxd3
38. Rxb7 Nxf2+ 39. Qxf2 Rxb7 40. Ne3 Nc2 41. Nb3 Rxb3 42. Qxc2
Bxc4 43. Bd2 Be6 44. Qd1 Bh4 45. Re2 Rb2 46. Be1 Rxe2 47. Qxe2
Qc1 48. Nd1 Bxe1 49. Qxe1 Bb3 0-1

[Event "Russia - China Match"]
[Site "Nizhniy Novgorod RUS"]
[Date "2007.08.26"]
[EventDate "2007.08.20"]
[Round "6"]
[Result "1-0"]
[White "Ruan Lufei"]
[Black "Elena Tairova"]
[WhiteElo "2433"]
[BlackElo "2410"]
[PlyCount "77"]

1. e4 e6 2. d4 d5 3. Nc3 Bb4 4. e5 c5 5. a3 Bxc3+ 6. bxc3 Ne7
7. Qg4 Qc7 8. Qxg7 Rg8 9. Qxh7 cxd4 10. Ne2 Nbc6 11. f4 Bd7
12. Qd3 dxc3 13. Rb1 d4 14. Ng3 O-O-O 15. Ne4 Nxe5 16. fxe5
Qxe5 17. Qe2 Bc6 18. Ng3 Qd6 19. Qf2 f5 20. Bc4 Rg6 21. O-O
Rf8 22. Bb5 f4 23. Bxc6 Nxc6 24. Ne4 Qd5 25. Qe2 Rfg8 26. Rf2
e5 27. a4 a6 28. Ba3 Na5 29. Be7 R8g7 30. Bf6 Rf7 31. Rb6 Nc6
32. Bg5 Kc7 33. Rb1 Na5 34. Qd3 Rc6 35. h4 Qe6 36. Re1 Nc4
37. Rf3 Ne3 38. Rexe3 dxe3 39. Qd8+ 1-0

[Event "Russia - China Match"]
[Site "Nizhniy Novgorod RUS"]
[Date "2007.08.27"]
[EventDate "2007.08.20"]
[Round "7"]
[Result "1/2-1/2"]
[White "Wang Yu"]
[Black "Elena Tairova"]
[WhiteElo "2384"]
[BlackElo "2410"]
[PlyCount "99"]

1. e4 c5 2. Nf3 d6 3. d4 cxd4 4. Qxd4 Nc6 5. Bb5 Bd7 6. Bxc6
Bxc6 7. Nc3 e6 8. Bg5 Nf6 9. O-O-O Be7 10. Rhe1 h6 11. Bh4 O-O
12. h3 Qa5 13. Kb1 Rfe8 14. e5 dxe5 15. Nxe5 Rac8 16. Nxc6
bxc6 17. Qa4 Qb6 18. Qb3 Qc5 19. Bxf6 Bxf6 20. Ne4 Qe7
21. Nxf6+ Qxf6 22. Qe3 c5 23. f4 Red8 24. g3 Rd4 25. Rxd4 cxd4
26. Qe4 Rc5 27. Rd1 Rd5 28. b3 h5 29. a4 g6 30. Rd3 Qd8
31. Rd1 Qb6 32. Rd3 Qd6 33. Rd1 Kg7 34. Rd3 Qc5 35. Rd1 Qb6
36. Rd3 Qd6 37. Rd1 f5 38. Qe2 Kf6 39. Qf2 g5 40. Ka2 g4
41. hxg4 fxg4 42. Qe2 a5 43. Qe4 Qd7 44. Re1 Qf7 45. Kb2 Qd7
46. Ka2 Rc5 47. Kb2 Rd5 48. Ka2 Rc5 49. Kb2 Rd5 50. Ka2
1/2-1/2

[Event "Russia - China Match"]
[Site "Nizhniy Novgorod RUS"]
[Date "2007.08.28"]
[EventDate "2007.08.20"]
[Round "8"]
[Result "0-1"]
[White "Elena Tairova"]
[Black "Huang Qian"]
[WhiteElo "2410"]
[BlackElo "2410"]
[PlyCount "70"]

1. d4 Nf6 2. Nf3 g6 3. Bg5 Bg7 4. Nbd2 d5 5. e3 O-O 6. Be2 c5
7. c3 Nbd7 8. O-O b6 9. a4 a6 10. b4 c4 11. Qc2 Bb7 12. h3 Rc8
13. Nh2 Ne4 14. Nxe4 dxe4 15. f3 h6 16. Bh4 f5 17. Qa2 Qc7
18. f4 Nf6 19. Bxf6 Bxf6 20. Kf2 Kh8 21. Rg1 g5 22. g3 Rg8
23. Qd2 Rcd8 24. Qc1 Rg7 25. Ra2 Bd5 26. Nf1 Rdg8 27. Ke1 e6
28. Kd1 Be7 29. Rg2 gxf4 30. exf4 e3 31. Rg1 Bd6 32. Qxe3 Bxf4
33. gxf4 Rxg1 34. Kc2 R8g2 35. Nd2 Re1 0-1

[Event "Russia - China Match"]
[Site "Nizhniy Novgorod RUS"]
[Date "2007.08.30"]
[EventDate "2007.08.20"]
[Round "10"]
[Result "1/2-1/2"]
[White "Zhao Xue"]
[Black "Elena Tairova"]
[WhiteElo "2500"]
[BlackElo "2410"]
[PlyCount "122"]

1. c4 c5 2. Nf3 Nc6 3. d4 cxd4 4. Nxd4 e6 5. Nb5 d6 6. Bf4 e5
7. Bg3 Be7 8. Nd2 Nh6 9. e3 O-O 10. Be2 Nf5 11. Nc3 Be6
12. O-O Re8 13. Nd5 Bf8 14. Ne4 Rc8 15. Rc1 a6 16. Qd2 Nxg3
17. Nxg3 Qh4 18. Bd3 Rb8 19. Be4 Rec8 20. f4 Ne7 21. Nb6 Rd8
22. f5 Bd7 23. Nxd7 Rxd7 24. Bd5 Nxd5 25. Qxd5 Qd8 26. Rfd1
Qb6 27. Qd2 Rbd8 28. Nf1 g6 29. Qf2 d5 30. cxd5 Rxd5 31. Rxd5
Rxd5 32. Rc8 Rc5 33. Rxc5 Bxc5 34. b3 Kg7 35. fxg6 hxg6
36. Qd2 f5 37. Kf2 Qc6 38. Qc3 Qd5 39. Qd2 Qxd2+ 40. Nxd2 Kf6
41. Ke2 e4 42. Nc4 b5 43. Nd2 Bd6 44. h3 Ke5 45. Nf1 Kd5
46. Nd2 Kc5 47. Nb1 Be5 48. g4 Kd5 49. gxf5 gxf5 50. Kf2 Ke6
51. Nd2 Kf6 52. Nf1 Bc7 53. Ng3 Kg5 54. Kg2 Bb6 55. Kf2 Bc5
56. Ke2 Bd6 57. Kf2 Bc5 58. Ke2 Kf6 59. Kf2 Ke5 60. Ke2 Be7
61. Nh5 Bg5 1/2-1/2

[Event "World Junior Championship (Girls)"]
[Site "Yerevan ARM"]
[Date "2007.10.03"]
[EventDate "2007.10.03"]
[Round "1"]
[Result "0-1"]
[White "Ghazal Hakimifard"]
[Black "Elena Tairova"]
[WhiteElo "2102"]
[BlackElo "2391"]
[PlyCount "72"]

1. e4 c5 2. Nf3 d6 3. d4 cxd4 4. Nxd4 Nf6 5. Nc3 a6 6. Be3 e5
7. Nb3 Be6 8. f3 Nbd7 9. Qd2 b5 10. O-O-O Nb6 11. Qf2 Nfd7
12. f4 Rc8 13. Kb1 Be7 14. f5 Bc4 15. f6 gxf6 16. Bxc4 Nxc4
17. Bh6 Na3+ 18. Ka1 Rg8 19. Rc1 Rg6 20. Bd2 Nc4 21. Nd5 a5
22. Rcd1 a4 23. Nc1 Nc5 24. Qe2 Qd7 25. b3 axb3 26. cxb3 Nxd2
27. Rxd2 Bd8 28. Rf1 Ne6 29. Qh5 h6 30. Ne2 Qa7 31. Nec3 Nd4
32. Qd1 Ba5 33. Rd3 Rxg2 34. Nxf6+ Kd8 35. Nxb5 Bc3+ 36. Nxc3
Rxc3 0-1

[Event "World Junior Championship (Girls)"]
[Site "Yerevan ARM"]
[Date "2007.10.04"]
[EventDate "2007.10.03"]
[Round "2"]
[Result "0-1"]
[White "Elena Tairova"]
[Black "Sarah Hoolt"]
[WhiteElo "2391"]
[BlackElo "2199"]
[PlyCount "104"]

1. e4 c5 2. Nc3 e6 3. Nf3 a6 4. g3 Nc6 5. Bg2 Nf6 6. O-O Be7
7. d4 cxd4 8. Nxd4 Qb6 9. Be3 Qxb2 10. Na4 Qa3 11. Nb6 Rb8
12. Bf4 e5 13. Nxc6 bxc6 14. Nc4 Qc5 15. Bxe5 Rb4 16. Nd6+ Kf8
17. Bf4 Rd4 18. Qe2 Rxd6 19. Rab1 g5 20. Bxd6 Bxd6 21. Kh1 h5
22. Rbe1 Be5 23. f4 Bd4 24. c3 Qxc3 25. fxg5 Ng4 26. Rf3 Qc5
27. Ref1 Qxg5 28. Rxf7+ Ke8 29. R7f5 Qg7 30. h4 d6 31. R5f3
Ne5 32. Rb3 Qg4 33. Qd2 Bc5 34. Rf4 Qg7 35. Rb8 Ke7 36. Rb3
Ng4 37. Bf1 Qd4 38. Qxd4 Bxd4 39. Be2 Rg8 40. Bc4 Rg7 41. Be2
Be5 42. Rf1 Nf6 43. Rb8 Bd7 44. Bf3 Rxg3 45. Bg2 Rg4 46. Rfb1
Bd4 47. Bf3 Rg3 48. R8b3 Ng4 49. Bg2 Ne3 50. Bf1 Bg4 51. Rb7+
Ke6 52. Rb8 Be5 0-1